| 000 | 01183cam a2200253 i 4500 | ||
|---|---|---|---|
| 003 | SA-RiAUC | ||
| 005 | 20250205064503.0 | ||
| 008 | 250131s2006 ua g e f000 0 ara c | ||
| 040 |
_aKW-ShULA _bara _cSA-RiAUC _erda |
||
| 082 | 0 | 4 | _a250.3 |
| 090 |
_a250.3 _b م ص ر |
||
| 110 | 1 |
_aمصر. _bالمجلس الأعلى للشؤون الإسلامية _eمؤلف. |
|
| 245 | 1 | 0 |
_aموسوعة التشريع الإسلامي / _cالمجلس الأعلى للشؤون الإسلامية، وزارة الأوقاف ؛ إشراف وتقديم محمود حمدي زقزوق. |
| 264 | 1 |
_aالقاهرة : _bوزارة الأوقاف، المجلس الأعلى للشؤون الإسلامية، _c2006 |
|
| 300 |
_a734 صفحة ؛ _c27 سم. |
||
| 336 |
_aنص _btxt _2rdacontent _3كتاب |
||
| 337 |
_aبدون وسيط _bn _2rdamedia |
||
| 338 |
_aمجلد _bnc _2rdacarrier |
||
| 490 | 0 |
_aسلسلة الموسوعات الإسلامية المتخصصة ؛ _v5 |
|
| 650 | 7 |
_aالفقه الإسلامي _vدوائر معارف _2aucsh |
|
| 700 | 1 |
_aزقزوق، محمود حمدي، _d1933- _eمشرف. |
|
| 942 |
_2ddc _cBOOK _n0 |
||
| 949 |
_aSA-JeALM _d250131 _umohamedma123 _n1 |
||
| 999 |
_c5578 _d5578 |
||